LEADER 01005nam a2200265 i 4500 001 000000236152 003 CaOOAMICUS 005 20141125000000.0 008 141125s2007 it u000 u ita u 013 $a215056 020 $a88-486-0364-5 040 $aSeMil$bita 100 1 $aBiagi, Enzo,$d<1920-2007>.$0(OLS)http://semarc/name/5222 245 10$aQuello che non si doveva dire /$cEnzo Biagi ; con Loris Mazzetti. 260 $aMilano :$bRizzoli,$c2007. 300 $a317 p. ;$c19 cm. 490 0 $aLibri oro 700 1 $aMazzetti, Loris.$0(OLS)http://semarc/name/42607 830 0$aLibri oro.$0(OLS)http://semarc/title/42213 850 $aSeMil 852 $aSeMil$W1$xVenegono$y1$m3V I 1$j186498$B186498$CSeMilBibl$Z2$F197966 $81 961 $aLascito: Serenthà don Mario 996 $6020$a88-486-0364-5$9(OLS)http://semarc/number/241133 996 $6245$aQuello che non si doveva dire$9(OLS)http://semarc/title/336566 996 $6260$aMilano :$bRizzoli$9(OLS)http://semarc/publisher/29824 LEADER 01056nas a2200265 i 4500 001 000000126774 003 CaOOAMICUS 005 20140908000000.0 008 040526b2003 it uu u0 0ita r 013 $a99482 040 $aSeMil$bita 245 10$a[2003]. 260 $aMilano :$bRCS Libri,$c2003. 260 $a[Firenze] :$bLa Nuova Italia,$c2003. 300 $a1 v. (varie sequenze) ;$c23 cm. 774 0 $tGennaio-Aprile.$z88-221-4731-6$w()281585 774 0 $tGodimento e desiderio.$z88-221-4732-4$w()281586 774 0 $tLuglio-Ottobre.$z88-221-4733-2$w()281587 774 0 $tBioetica dal vivo. - 192 p. - Titolo dalla copertina.$z88-221-4734-0$w()281588 850 $aSeMil 852 $aSeMil$W1$xVenegono$y1$m165 4 13$j81127$B81127$CSeMilBibl$Z2$F83266 $85 961 $aAbbonamento: Biblioteca Seminario Seveso (dal 1998) 996 $6245$a[2003]$9(OLS)http://semarc/title/140343 996 $6260$a[Firenze] :$bLa Nuova Italia$9(OLS)http://semarc/publisher/43035 996 $6260$aMilano :$bRCS Libri$9(OLS)http://semarc/publisher/35174